Annual report 2009
Uložené v:
| Korporativný autor: | |
|---|---|
| Médium: | Kniha |
| Jazyk: | English |
| Vydavateľské údaje: |
Bratislava
Central office of labour, social affairs and family
2009
|
| Predmet: | |
| Tagy: |
Žiadne tagy, Buďte prvý, kto otaguje tento záznam!
|
MARC
| LEADER | 00000nam a2200000 4500 | ||
|---|---|---|---|
| 001 | 0117959 | ||
| 005 | 20240318114122.9 | ||
| 041 | 0 | |a eng | |
| 044 | |a SK | ||
| 245 | 1 | 0 | |a Annual report 2009 |
| 264 | 1 | |a Bratislava |b Central office of labour, social affairs and family |c 2009 | |
| 300 | |a 32 s. | ||
| 610 | 2 | 0 | |a úrady práce |
| 610 | 2 | 0 | |a trh práce |
| 610 | 2 | 0 | |a politika sociálna |
| 710 | 2 | |a Central office of labour, social affairs and family | |